BIBLIOTECA

SENCICO

Cuerpo humano : (Registro nro. 4478)

Detalles MARC
000 -LEADER
fixed length control field 01040nam a22002537a 4500
003 - CONTROL NUMBER IDENTIFIER
control field PE SENCICO BE
005 - DATE AND TIME OF LATEST TRANSACTION
control field 20251020182648.0
008 - FIXED-LENGTH DATA ELEMENTS--GENERAL INFORMATION
fixed length control field 240105b |||||||| |||| 00| 0 eng d
040 ## - CATALOGING SOURCE
Original cataloging agency PE SENCICO BE
Transcribing agency PE SENCICO BE
041 ## - LANGUAGE CODE
Language code of text/sound track or separate title spa
084 ## - OTHER CLASSIFICATION NUMBER
Classification number I
-- DIS
-- 2013
Item number S45
100 1# - MAIN ENTRY--PERSONAL NAME
9 (RLIN) 1842
Personal name Sevillanos Blanco, Gloria Ivone
Relator term autor
245 1# - TITLE STATEMENT
Title Cuerpo humano :
Remainder of title la proporción y el espacio /
Statement of responsibility, etc. Gloria Ivone Sevillanos Blancos
260 ## - PUBLICATION, DISTRIBUTION, ETC.
Place of publication, distribution, etc. Lima :
Date of publication, distribution, etc. 2013
300 ## - PHYSICAL DESCRIPTION
Extent 113, [50] h.:
Other physical details il. col., diagrs. ;
Dimensions 30 cm.
502 ## - DISSERTATION NOTE
Dissertation note Monografía de Titulación.-- Servicio Nacional de Capacitación para la Industria de la Construcción. Escuela Superior Técnica. Carrera Profesional Técnica en Diseño de Interiores, 2013
650 10 - SUBJECT ADDED ENTRY--TOPICAL TERM
9 (RLIN) 44
Topical term or geographic name entry element Diseño de interiores
650 20 - SUBJECT ADDED ENTRY--TOPICAL TERM
9 (RLIN) 1800
Topical term or geographic name entry element Antropometría
650 20 - SUBJECT ADDED ENTRY--TOPICAL TERM
9 (RLIN) 349
Topical term or geographic name entry element Ergonomía
650 20 - SUBJECT ADDED ENTRY--TOPICAL TERM
9 (RLIN) 1811
Topical term or geographic name entry element Percepción espacial
710 1# - ADDED ENTRY--CORPORATE NAME
Corporate name or jurisdiction name as entry element Servicio Nacional de Capacitación para la Industria de la Construcción.
Subordinate unit Escuela Superior Técnica
9 (RLIN) 1065
910 ## - USER-OPTION DATA (OCLC)
-- hfp
-- hfp
942 ## - ADDED ENTRY ELEMENTS (KOHA)
Koha item type Monografía de Titulación
Existencias
Fecha de la última vez que lo usaron Número de ingreso o de inventario Pago total Signatura topográfica completa Código de barras Precio efectivo desde Tipo de documento Estado perdido Estado dañado No es para préstamo Retirado Ubicación permanente Ubicación actual Fecha de adquisición
05/01/2024 I-00300   I/DIS/2013/S45 BibLima24010014 05/01/2024 Monografía de Titulación         Biblioteca Central Lima Biblioteca Central Lima 05/01/2024